<?xml version="1.0" encoding="UTF-8"?>
<record
    xmlns:xsi="http://www.w3.org/2001/XMLSchema-instance"
    xsi:schemaLocation="http://www.loc.gov/MARC21/slim http://www.loc.gov/standards/marcxml/schema/MARC21slim.xsd"
    xmlns="http://www.loc.gov/MARC21/slim">

  <leader>00451nam a22001817a 4500</leader>
  <controlfield tag="005">20260120152449.0</controlfield>
  <controlfield tag="008">260120b        |||||||| |||| 00| 0 eng d</controlfield>
  <datafield tag="020" ind1=" " ind2=" ">
    <subfield code="a">9788121924566</subfield>
    <subfield code="c">499.00</subfield>
  </datafield>
  <datafield tag="040" ind1=" " ind2=" ">
    <subfield code="a">MAIN</subfield>
  </datafield>
  <datafield tag="041" ind1=" " ind2=" ">
    <subfield code="a">English</subfield>
  </datafield>
  <datafield tag="082" ind1=" " ind2=" ">
    <subfield code="a">650.0212</subfield>
    <subfield code="b">HAZ</subfield>
  </datafield>
  <datafield tag="100" ind1=" " ind2=" ">
    <subfield code="a">Hazarika, Padmalochan</subfield>
    <subfield code="9">25966</subfield>
  </datafield>
  <datafield tag="245" ind1=" " ind2=" ">
    <subfield code="a">Textbook Of Business Statistics</subfield>
  </datafield>
  <datafield tag="260" ind1=" " ind2=" ">
    <subfield code="a">New Delhi</subfield>
    <subfield code="b">S. Chand </subfield>
    <subfield code="c">2023</subfield>
  </datafield>
  <datafield tag="300" ind1=" " ind2=" ">
    <subfield code="a">538</subfield>
  </datafield>
  <datafield tag="650" ind1=" " ind2=" ">
    <subfield code="a">Commerce </subfield>
  </datafield>
  <datafield tag="942" ind1=" " ind2=" ">
    <subfield code="c">BK</subfield>
  </datafield>
  <datafield tag="999" ind1=" " ind2=" ">
    <subfield code="c">60004</subfield>
    <subfield code="d">60004</subfield>
  </datafield>
  <datafield tag="952" ind1=" " ind2=" ">
    <subfield code="0">0</subfield>
    <subfield code="1">0</subfield>
    <subfield code="2">ddc</subfield>
    <subfield code="4">0</subfield>
    <subfield code="6">650_021200000000000_HAZ</subfield>
    <subfield code="7">1</subfield>
    <subfield code="9">90860</subfield>
    <subfield code="a">MAIN</subfield>
    <subfield code="b">MAIN</subfield>
    <subfield code="d">2026-01-20</subfield>
    <subfield code="o">650.0212 HAZ</subfield>
    <subfield code="p">51359</subfield>
    <subfield code="r">2026-01-20</subfield>
    <subfield code="w">2026-01-20</subfield>
    <subfield code="y">REF</subfield>
  </datafield>
  <datafield tag="952" ind1=" " ind2=" ">
    <subfield code="0">0</subfield>
    <subfield code="1">0</subfield>
    <subfield code="2">ddc</subfield>
    <subfield code="4">0</subfield>
    <subfield code="6">650_021200000000000_HAZ</subfield>
    <subfield code="7">0</subfield>
    <subfield code="9">90861</subfield>
    <subfield code="a">MAIN</subfield>
    <subfield code="b">MAIN</subfield>
    <subfield code="d">2026-01-20</subfield>
    <subfield code="l">0</subfield>
    <subfield code="o">650.0212 HAZ</subfield>
    <subfield code="p">51360</subfield>
    <subfield code="r">2026-01-20</subfield>
    <subfield code="w">2026-01-20</subfield>
    <subfield code="y">BK</subfield>
  </datafield>
  <datafield tag="952" ind1=" " ind2=" ">
    <subfield code="0">0</subfield>
    <subfield code="1">0</subfield>
    <subfield code="2">ddc</subfield>
    <subfield code="4">0</subfield>
    <subfield code="6">650_021200000000000_HAZ</subfield>
    <subfield code="7">0</subfield>
    <subfield code="9">90862</subfield>
    <subfield code="a">MAIN</subfield>
    <subfield code="b">MAIN</subfield>
    <subfield code="d">2026-01-20</subfield>
    <subfield code="l">0</subfield>
    <subfield code="o">650.0212 HAZ</subfield>
    <subfield code="p">51361</subfield>
    <subfield code="r">2026-01-20</subfield>
    <subfield code="w">2026-01-20</subfield>
    <subfield code="y">BK</subfield>
  </datafield>
  <datafield tag="952" ind1=" " ind2=" ">
    <subfield code="0">0</subfield>
    <subfield code="1">0</subfield>
    <subfield code="2">ddc</subfield>
    <subfield code="4">0</subfield>
    <subfield code="6">650_021200000000000_HAZ</subfield>
    <subfield code="7">0</subfield>
    <subfield code="9">90863</subfield>
    <subfield code="a">MAIN</subfield>
    <subfield code="b">MAIN</subfield>
    <subfield code="d">2026-01-20</subfield>
    <subfield code="l">0</subfield>
    <subfield code="o">650.0212 HAZ</subfield>
    <subfield code="p">51362</subfield>
    <subfield code="r">2026-01-20</subfield>
    <subfield code="w">2026-01-20</subfield>
    <subfield code="y">BK</subfield>
  </datafield>
  <datafield tag="952" ind1=" " ind2=" ">
    <subfield code="0">0</subfield>
    <subfield code="1">0</subfield>
    <subfield code="2">ddc</subfield>
    <subfield code="4">0</subfield>
    <subfield code="6">650_021200000000000_HAZ</subfield>
    <subfield code="7">0</subfield>
    <subfield code="9">90864</subfield>
    <subfield code="a">MAIN</subfield>
    <subfield code="b">MAIN</subfield>
    <subfield code="d">2026-01-20</subfield>
    <subfield code="l">0</subfield>
    <subfield code="o">650.0212 HAZ</subfield>
    <subfield code="p">51363</subfield>
    <subfield code="r">2026-01-20</subfield>
    <subfield code="w">2026-01-20</subfield>
    <subfield code="y">BK</subfield>
  </datafield>
  <datafield tag="952" ind1=" " ind2=" ">
    <subfield code="0">0</subfield>
    <subfield code="1">0</subfield>
    <subfield code="2">ddc</subfield>
    <subfield code="4">0</subfield>
    <subfield code="6">650_021200000000000_HAZ</subfield>
    <subfield code="7">0</subfield>
    <subfield code="9">90865</subfield>
    <subfield code="a">MAIN</subfield>
    <subfield code="b">MAIN</subfield>
    <subfield code="d">2026-01-20</subfield>
    <subfield code="l">0</subfield>
    <subfield code="o">650.0212 HAZ</subfield>
    <subfield code="p">51364</subfield>
    <subfield code="r">2026-01-20</subfield>
    <subfield code="w">2026-01-20</subfield>
    <subfield code="y">BK</subfield>
  </datafield>
  <datafield tag="952" ind1=" " ind2=" ">
    <subfield code="0">0</subfield>
    <subfield code="1">0</subfield>
    <subfield code="2">ddc</subfield>
    <subfield code="4">0</subfield>
    <subfield code="6">650_021200000000000_HAZ</subfield>
    <subfield code="7">0</subfield>
    <subfield code="9">90866</subfield>
    <subfield code="a">MAIN</subfield>
    <subfield code="b">MAIN</subfield>
    <subfield code="d">2026-01-20</subfield>
    <subfield code="l">0</subfield>
    <subfield code="o">650.0212 HAZ</subfield>
    <subfield code="p">51365</subfield>
    <subfield code="r">2026-01-20</subfield>
    <subfield code="w">2026-01-20</subfield>
    <subfield code="y">BK</subfield>
  </datafield>
  <datafield tag="952" ind1=" " ind2=" ">
    <subfield code="0">0</subfield>
    <subfield code="1">0</subfield>
    <subfield code="2">ddc</subfield>
    <subfield code="4">0</subfield>
    <subfield code="6">650_021200000000000_HAZ</subfield>
    <subfield code="7">0</subfield>
    <subfield code="9">90867</subfield>
    <subfield code="a">MAIN</subfield>
    <subfield code="b">MAIN</subfield>
    <subfield code="d">2026-01-20</subfield>
    <subfield code="l">0</subfield>
    <subfield code="o">650.0212 HAZ</subfield>
    <subfield code="p">51366</subfield>
    <subfield code="r">2026-01-20</subfield>
    <subfield code="w">2026-01-20</subfield>
    <subfield code="y">BK</subfield>
  </datafield>
  <datafield tag="952" ind1=" " ind2=" ">
    <subfield code="0">0</subfield>
    <subfield code="1">0</subfield>
    <subfield code="2">ddc</subfield>
    <subfield code="4">0</subfield>
    <subfield code="6">650_021200000000000_HAZ</subfield>
    <subfield code="7">0</subfield>
    <subfield code="9">90868</subfield>
    <subfield code="a">MAIN</subfield>
    <subfield code="b">MAIN</subfield>
    <subfield code="d">2026-01-20</subfield>
    <subfield code="l">0</subfield>
    <subfield code="o">650.0212 HAZ</subfield>
    <subfield code="p">51367</subfield>
    <subfield code="r">2026-01-20</subfield>
    <subfield code="w">2026-01-20</subfield>
    <subfield code="y">BK</subfield>
  </datafield>
  <datafield tag="952" ind1=" " ind2=" ">
    <subfield code="0">0</subfield>
    <subfield code="1">0</subfield>
    <subfield code="2">ddc</subfield>
    <subfield code="4">0</subfield>
    <subfield code="6">650_021200000000000_HAZ</subfield>
    <subfield code="7">0</subfield>
    <subfield code="9">90869</subfield>
    <subfield code="a">MAIN</subfield>
    <subfield code="b">MAIN</subfield>
    <subfield code="d">2026-01-20</subfield>
    <subfield code="l">0</subfield>
    <subfield code="o">650.0212 HAZ</subfield>
    <subfield code="p">51368</subfield>
    <subfield code="r">2026-01-20</subfield>
    <subfield code="w">2026-01-20</subfield>
    <subfield code="y">BK</subfield>
  </datafield>
</record>
